02843njm a2200493Ia 450000100060000000300090000600500170001500800410003204000130007304000130008604100130009910000110011210000180012310000380014124500270017925000110020626000110021726000480022830000100027630000290028650001920031550502350050751100180074251100200076051100210078051100210080151100280082251100210085065000570087170000910092870001060101970000910112570001160121670001090133270001150144170001020155670001090165870000950176770001100186270000950197270001070206770000830217470000920225720794IT-RoPAU20220918181125.0131025s9999 xx 000 0 und d aIT-RoPAU cIT-RoPAU aITALIANO aAA.VV. eAutore musica gCodice autore musica SPICS: 12000 aSan Remo apre le porte a2a ed. aMILANO bFRATELLI FABBRI EDITORIc1982 [1a Ed.:1970] aDISCO c26 minuti (Testo: pag.) aLa canzone italiana. A San Remo si nasce e si muore. Tormenti d'amore, malinconia, primavera, amore, sogno, carezze, destino, dolci e felici, dispetto, incendio, casa, felicità, legame. aBuongiorno tristezza (5:00) - Aprite le finestre (2:00) - Amami se vuoi (4:00) - La vita è un paradiso di bugie (4:00) - Corde della mia chitarra (3:00) - Casetta in Canada (4:00) - Nel blu dipinto di blu (4:00) - L'edera (4:00) aVilla Claudio aRaimondi Franca aTorrielli Tonina aGonzales Luciana aBoni Carla e Duo Fasano aModugno Domenico aCANZONE ITALIAN [DISCHI]eCodice MATERIA SPICS: 9950 aRuccione MariodCodice autore musica SPICS: 13479eAutore musicapBuongiorno tristezza aFiorelli GiuseppedCodice autore testo/musica SPICS: 13362eAutore testo/musicapBuongiorno tristezza aPanzuti VirgiliodCodice autore musica SPICS: 13599eAutore musicapAprite le finestre aPinchi (Pinci) (Perotti Pino)dCodice autore testo/musica SPICS: 13615eAutore testo/musicapAprite le finestre aMascheroni VittoriodCodice autore musica SPICS: 13134eAutore musicapAmami se vuoi - Casetta in Canada aPanzeri MariodCodice autore testo/musica SPICS: 13372eAutore testo/musicapAmami se vuoi - Casetta in Canada aOliviero NinodCodice autore musica SPICS: 14018eAutore musicapLa vita è un paradiso di bugie aCalcagnodCodice autore testo/musica SPICS: 22687eAutore testo/musicapLa vita è un paradiso di bugie aRuccione MariodCodice autore musica SPICS: 13479eAutore musicapCorde della mia chitarra aFiorelli GiuseppedCodice autore testo/musica SPICS: 13362eAutore testo/musicapCorde della mia chitarra aMigliacci FrancodCodice autore musica SPICS: 13653eAutore musicapNel blu dipinto di blu aModugno DomenicodCodice autore testo/musica SPICS: 12142eAutore testo/musicapNel blu dipinto di blu aD'Acquisto VincenzodCodice autore musica SPICS: 14321eAutore musicapL'edera aSeracini SaveriodCodice autore testo/musica SPICS: 13607eAutore testo/musicapL'edera